<?xml version="1.0" encoding="UTF-8"?>
<collection xmlns="http://www.loc.gov/MARC21/slim">
 <record>
  <leader>01728nam a2200229Ia 4500</leader>
  <controlfield tag="001">CTU_232823</controlfield>
  <controlfield tag="008">210402s9999    xx            000 0 und d</controlfield>
  <datafield tag="082" ind1=" " ind2=" ">
   <subfield code="a">428.007</subfield>
  </datafield>
  <datafield tag="082" ind1=" " ind2=" ">
   <subfield code="b">Qu603</subfield>
  </datafield>
  <datafield tag="088" ind1=" " ind2=" ">
   <subfield code="a">8140111</subfield>
  </datafield>
  <datafield tag="100" ind1=" " ind2=" ">
   <subfield code="a">Đặng, Thị Tú Quyên</subfield>
  </datafield>
  <datafield tag="245" ind1=" " ind2="0">
   <subfield code="a">EFL teachers' perceptions and practice of using physical activities to teach vocabulary to young learners :</subfield>
  </datafield>
  <datafield tag="245" ind1=" " ind2="0">
   <subfield code="b">Master of education. Program: Principles and methods in English language education</subfield>
  </datafield>
  <datafield tag="245" ind1=" " ind2="0">
   <subfield code="c">Đặng Thị Tú Quyên ; Nguyễn Thị Phương Hồng (Cán bộ hướng dẫn)</subfield>
  </datafield>
  <datafield tag="260" ind1=" " ind2=" ">
   <subfield code="a">Cần Thơ</subfield>
  </datafield>
  <datafield tag="260" ind1=" " ind2=" ">
   <subfield code="b">Trường Đại học Cần Thơ</subfield>
  </datafield>
  <datafield tag="260" ind1=" " ind2=" ">
   <subfield code="c">2019</subfield>
  </datafield>
  <datafield tag="520" ind1=" " ind2=" ">
   <subfield code="a">Nghiên cứu đã chỉ ra rằng sử dụng các hoạt động thể chất ảnh hưởng tích cực đến việc học từ vựng tiếng nước ngoài của trẻ em. Những ảnh hưởng của nó lên nhận thức và tình cảm của trẻ nhỏ cũng được ghi nhận. Tuy nhiên, câu hỏi vẫn là cách giáo viên nhận thức và thực hành việc sử dụng các hoạt động thể chất để dạy từ vựng cho trẻ em như thế nào trong bối cảnh Việt Nam. Do đó, nghiên cứu này nhằm mục đích tìm hiểu nhận thức và thực hành của giáo viên về vấn đề này như thế nào ở khu vực Đồng bằng Sông Cửu Long.</subfield>
  </datafield>
  <datafield tag="650" ind1=" " ind2=" ">
   <subfield code="a">English language,Tiếng Anh</subfield>
  </datafield>
  <datafield tag="650" ind1=" " ind2=" ">
   <subfield code="x">Study and teaching,Dạy và học</subfield>
  </datafield>
  <datafield tag="910" ind1=" " ind2=" ">
   <subfield code="b">nthai</subfield>
  </datafield>
  <datafield tag="980" ind1=" " ind2=" ">
   <subfield code="a">Trung tâm Học liệu Trường Đại học Cần Thơ</subfield>
  </datafield>
 </record>
</collection>
